[Event "Batumi Municipality Cup"]
[Site "Batumi"]
[Date "2023.07.06"]
[Round "5"]
[White "Yeremyan, Alen"]
[Black "Gevorgyan, David"]
[Result "0-1"]
[WhiteElo "2287"]
[BlackElo "2275"]
[PlyCount "109"]
[EventDate "2023.07.02"]
[EventType "swiss"]
[EventRounds "9"]
[EventCountry "GEO"]
[SourceTitle "CBM 215 Extra"]
[Source "ChessBase"]
[SourceDate "2023.09.30"]
[SourceVersion "1"]
[SourceVersionDate "2023.09.30"]
[SourceQuality "1"]

1. c4 e5 2. Nc3 d6 3. d4 Nd7 4. Nf3 Ngf6 5. g3 g6 6. Bg2 Bg7 7. 0-0 0-0 8. e4 c6 9. Re1 Qc7 10. h3 b6 11. b3 Re8 12. Bb2 Bb7 13. Qd2 Rad8 14. Rad1 Nf8 15. Qc1 Qb8 16. Qa1 N6d7 17. Kh2 a6 18. d5 c5 19. Rf1 Bc8 20. a4 Bh6 21. Qb1 f6 22. Ne1 Re7 23. Nd3 Rde8 24. f4 exf4 25. gxf4 g5 26. Ne2 Ng6 27. Ng3 gxf4 28. Nf5 Bg5 29. Nxe7+ Rxe7 30. Bc1 Nde5 31. Nxf4 Nxf4 32. Bxf4 b5 33. cxb5 axb5 34. Bxg5 fxg5 35. a5 Qc7 36. b4 c4 37. Qc1 h6 38. Qe3 Kg7 39. Ra1 Qa7 40. Qc3 Ba6 41. Rf5 Bc8 42. Rf3 g4 43. Rf4 Kh7 44. Raf1 Rg7 45. h4 g3+ 46. Kh1 Qe7 47. Qe3 Bg4 48. Rf6 Rg6 49. Qf4 c3 50. a6 c2 51. Qxg3 Rxf6 52. Rc1 Rg6 53. Rxc2 Bd1 54. Qf2 Bxc2 55. Qf3 0-1

[Event "Batumi Municipality Cup"]
[Site "Batumi"]
[Date "2023.07.04"]
[Round "3"]
[White "Akhvlediani, Irakli"]
[Black "Gevorgyan, David"]
[Result "1-0"]
[WhiteElo "2403"]
[BlackElo "2275"]
[PlyCount "122"]
[EventDate "2023.07.02"]
[EventType "swiss"]
[EventRounds "9"]
[EventCountry "GEO"]
[SourceTitle "CBM 215 Extra"]
[Source "ChessBase"]
[SourceDate "2023.09.30"]
[SourceVersion "1"]
[SourceVersionDate "2023.09.30"]
[SourceQuality "1"]

1. d4 Nf6 2. c4 e6 3. Nf3 c5 4. d5 d6 5. Nc3 exd5 6. cxd5 g6 7. Bf4 Bg7 8. Qa4+ Bd7 9. Qb3 b5 10. Bxd6 Qb6 11. Be5 0-0 12. e3 c4 13. Qd1 b4 14. Nb1 Bb5 15. Nbd2 Rc8 16. Rc1 Qa6 17. Nd4 Nbd7 18. Bxf6 Bxf6 19. Nxb5 Qxb5 20. Nxc4 Qa6 21. Be2 Nc5 22. 0-0 Qxa2 23. Ra1 Qb3 24. Qxb3 Nxb3 25. Ra6 Kg7 26. Rd1 Rd8 27. d6 Nc5 28. Rc6 Na4 29. Bf3 Rab8 30. Rd2 Rbc8 31. g3 Rxc6 32. Bxc6 Nb6 33. Na5 Nd7 34. f4 Nb8 35. d7 Rf8 36. Bb5 Bd8 37. Nb7 Kf6 38. Rd4 a6 39. Ba4 a5 40. Re4 Bb6 41. Re8 Nxd7 42. Bxd7 Rxe8 43. Bxe8 Ke7 44. Bc6 Bxe3+ 45. Kg2 Bb6 46. b3 Ke6 47. Kf3 f5 48. h3 Bc7 49. g4 Bb6 50. g5 Bc7 51. h4 Bb6 52. Bb5 Kd5 53. Bc4+ Kc6 54. Nxa5+ Bxa5 55. Bg8 Kd7 56. Bxh7 Ke6 57. Bxg6 Bb6 58. h5 Bd4 59. h6 Bb2 60. Bh7 Bd4 61. g6 Kd5 1-0

[Event "Titled Tuesday intern op 27th Sep Early"]
[Site "Chess.com INT"]
[Date "2022.09.27"]
[Round "5"]
[White "Gevorgyan, David"]
[Black "Heinemann, Josefine"]
[Result "0-1"]
[WhiteElo "2279"]
[BlackElo "2325"]
[PlyCount "154"]
[EventDate "2022.09.27"]
[EventType "swiss (blitz)"]
[EventRounds "11"]
[EventCountry "USA"]
[SourceTitle "CBM 210 Extra"]
[Source "ChessBase"]
[SourceDate "2022.11.30"]
[SourceVersion "1"]
[SourceVersionDate "2022.11.30"]
[SourceQuality "1"]

1. d4 Nf6 2. c4 e6 3. Nc3 d5 4. Nf3 c6 5. e3 Nbd7 6. Qc2 Be7 7. b3 0-0 8. Bb2 b6 9. Bd3 Bb7 10. 0-0 h6 11. Rfe1 c5 12. Rad1 Rc8 13. e4 cxd4 14. Nxd4 dxc4 15. Bxc4 Qc7 16. Ncb5 Qf4 17. Nxa7 Ra8 18. Nac6 Bc5 19. b4 Bxd4 20. Nxd4 Bxe4 21. Qd2 Qxd2 22. Rxd2 Bd5 23. Bxd5 Nxd5 24. a3 Rfc8 25. g3 N7f6 26. Kg2 Ne8 27. Rc1 Nd6 28. Rdc2 Rxc2 29. Rxc2 Kf8 30. Kf3 Ke8 31. h4 h5 32. Nc6 f6 33. Nd4 Kd7 34. Re2 e5 35. Nc2 Nc4 36. Bc1 Nc3 37. Re1 Nb5 38. Rd1+ Ke6 39. Rd3 Rc8 40. Kg2 Ncd6 41. Rd2 Ne4 42. Re2 Nec3 43. Rd2 Nb1 44. Re2 N5c3 45. Re1 Nb5 46. a4 Rxc2 47. axb5 Nc3 48. Be3 Nd5 49. Kf3 Rb2 50. Rc1 Rxb4 51. Rc6+ Kf5 52. Bxb6 Rxb5 53. Be3 Rb3 54. Rc8 e4+ 55. Ke2 Rb2+ 56. Kf1 Nxe3+ 57. fxe3 Kg4 58. Rg8 g5 59. hxg5 fxg5 60. Kg1 Re2 61. Kf1 Rxe3 62. Kf2 Rf3+ 63. Ke2 Rxg3 64. Re8 Rf3 65. Rxe4+ Rf4 66. Re3 h4 67. Ra3 h3 68. Ra1 Kh4 69. Ke3 Rf8 70. Ra7 g4 71. Rc7 h2 72. Rh7+ Kg3 73. Ke2 Kg2 74. Ke3 g3 75. Rh5 h1Q 76. Rxh1 Kxh1 77. Ke4 g2 0-1

[Event "Titled Tuesday intern op 27th Sep Early"]
[Site "Chess.com INT"]
[Date "2022.09.27"]
[Round "2"]
[White "Vaibhav, Jayant Raut"]
[Black "Gevorgyan, David"]
[Result "0-1"]
[WhiteElo "2243"]
[BlackElo "2279"]
[PlyCount "134"]
[EventDate "2022.09.27"]
[EventType "swiss (blitz)"]
[EventRounds "11"]
[EventCountry "USA"]
[SourceTitle "CBM 210 Extra"]
[Source "ChessBase"]
[SourceDate "2022.11.30"]
[SourceVersion "1"]
[SourceVersionDate "2022.11.30"]
[SourceQuality "1"]

1. d4 Nf6 2. c4 e6 3. Nf3 d5 4. e3 Be7 5. Be2 0-0 6. 0-0 b6 7. b3 Bb7 8. Bb2 c5 9. Nbd2 Nc6 10. dxc5 Bxc5 11. cxd5 Nxd5 12. Rc1 Rc8 13. Ne4 Be7 14. a3 Nf6 15. Qxd8 Rfxd8 16. Nxf6+ Bxf6 17. Bxf6 gxf6 18. Rfd1 Rxd1+ 19. Bxd1 Ne5 20. Rxc8+ Bxc8 21. Nd4 Bd7 22. Kf1 Kf8 23. Ke2 Ke7 24. Kd2 Nc6 25. Kc3 Nxd4 26. Kxd4 Kd6 27. Bh5 e5+ 28. Kc3 Be6 29. b4 a5 30. g3 h6 31. Bf3 f5 32. Be2 Kd5 33. f3 Kc6 34. Bc4 Bxc4 35. Kxc4 b5+ 36. Kc3 a4 37. Kd3 Kd5 38. e4+ fxe4+ 39. fxe4+ Ke6 40. Ke3 Kf6 41. Kf3 Kg5 42. h4+ Kh5 43. Ke3 Kg4 44. Kf2 h5 45. Kg2 f6 46. Kf2 f5 47. exf5 Kxf5 48. Kf3 e4+ 49. Ke3 Kg4 50. Kxe4 Kxg3 51. Ke3 Kxh4 52. Kf4 Kh3 53. Kf3 h4 54. Kf2 Kg4 55. Kg2 Kf4 56. Kh3 Ke4 57. Kxh4 Kd4 58. Kg4 Kc4 59. Kf3 Kb3 60. Ke2 Kxa3 61. Kd1 Kxb4 62. Kc1 Kb3 63. Kb1 b4 64. Ka1 Kc2 65. Ka2 b3+ 66. Ka3 b2 67. Kxa4 b1Q 0-1

[Event "Poti op 15th"]
[Site "Poti"]
[Date "2022.07.21"]
[Round "6"]
[White "Patsia, Zviad"]
[Black "Gevorgyan, David"]
[Result "1-0"]
[WhiteElo "2204"]
[BlackElo "2306"]
[PlyCount "118"]
[EventDate "2022.07.16"]
[EventType "swiss"]
[EventRounds "9"]
[EventCountry "GEO"]
[SourceTitle "CBM 209 Extra"]
[Source "ChessBase"]
[SourceDate "2022.09.30"]
[SourceVersion "1"]
[SourceVersionDate "2022.09.30"]
[SourceQuality "1"]

1. e4 e5 2. Nf3 Nc6 3. d4 exd4 4. Nxd4 d6 5. Nc3 Bd7 6. Be3 Nf6 7. Qd2 Be7 8. f3 a6 9. 0-0-0 h5 10. Kb1 b5 11. Nxc6 Bxc6 12. h4 Bb7 13. Bg5 Nd7 14. Nd5 Bxg5 15. hxg5 Bxd5 16. exd5 Nc5 17. g3 Kf8 18. Rh4 Kg8 19. Re1 Qf8 20. Rf4 g6 21. Bd3 Nxd3 22. Qxd3 Re8 23. Rfe4 Rxe4 24. Rxe4 Qc8 25. Qc3 Kh7 26. Rf4 Rf8 27. g4 Qd8 28. Rf6 hxg4 29. fxg4 Qe7 30. Rf1 Qe5 31. Qxe5 dxe5 32. b3 b4 33. c4 bxc3 34. Kc2 Kg7 35. Rf6 Rd8 36. Rxa6 Rxd5 37. Ra4 f5 38. gxf6+ Kxf6 39. Kxc3 Kg5 40. Re4 c6 41. a4 Kh4 42. b4 Rd1 43. a5 Ra1 44. Kb2 Ra4 45. Kb3 Ra1 46. Rxe5 Kxg4 47. Rc5 g5 48. Rxc6 Kf5 49. a6 g4 50. b5 g3 51. Rc2 Ke5 52. Kb4 Kd6 53. Rg2 Rb1+ 54. Ka5 Kc7 55. Rc2+ Kb8 56. Kb6 Ra1 57. Re2 Kc8 58. Re8+ Kd7 59. Rg8 Ke6 1-0

[Event "Poti op 15th"]
[Site "Poti"]
[Date "2022.07.20"]
[Round "5"]
[White "Gevorgyan, David"]
[Black "Poghosyan, Suren"]
[Result "1/2-1/2"]
[WhiteElo "2306"]
[BlackElo "2275"]
[PlyCount "51"]
[EventDate "2022.07.16"]
[EventType "swiss"]
[EventRounds "9"]
[EventCountry "GEO"]
[SourceTitle "CBM 209 Extra"]
[Source "ChessBase"]
[SourceDate "2022.09.30"]
[SourceVersion "1"]
[SourceVersionDate "2022.09.30"]
[SourceQuality "1"]

1. d4 Nf6 2. Bf4 g6 3. Nc3 d5 4. Qd2 c6 5. Nf3 Ne4 6. Nxe4 dxe4 7. Ng5 Bg7 8. e3 Bf5 9. f3 exf3 10. gxf3 f6 11. Ne4 0-0 12. Bc4+ Kh8 13. 0-0-0 Nd7 14. h4 Nb6 15. Bd3 h6 16. Nc3 Bxd3 17. Qxd3 e5 18. Bh2 exd4 19. exd4 f5 20. Qe3 Kh7 21. Be5 Nd5 22. Nxd5 Qxd5 23. f4 Qxa2 24. h5 Qa1+ 25. Kd2 Qa5+ 26. Kc1 1/2-1/2

[Event "Poti op 15th"]
[Site "Poti"]
[Date "2022.07.17"]
[Round "2"]
[White "Nemsadze, Daviti"]
[Black "Gevorgyan, David"]
[Result "1/2-1/2"]
[WhiteElo "1923"]
[BlackElo "2306"]
[PlyCount "59"]
[EventDate "2022.07.16"]
[EventType "swiss"]
[EventRounds "9"]
[EventCountry "GEO"]
[SourceTitle "CBM 209 Extra"]
[Source "ChessBase"]
[SourceDate "2022.09.30"]
[SourceVersion "1"]
[SourceVersionDate "2022.09.30"]
[SourceQuality "1"]

1. e4 e5 2. Nf3 Nc6 3. Bb5 a6 4. Ba4 Nf6 5. 0-0 Be7 6. Re1 b5 7. Bb3 0-0 8. a4 Bb7 9. d3 d6 10. Bd2 Nd7 11. Nc3 Nc5 12. axb5 axb5 13. Bd5 b4 14. Na2 b3 15. Bxb3 Nxb3 16. cxb3 f5 17. b4 g5 18. b5 Nb8 19. h3 Nd7 20. Nh2 Nc5 21. b4 Ne6 22. Qb3 Qd7 23. exf5 Rxf5 24. Nc3 Kg7 25. Rxa8 Bxa8 26. Ne2 Rf8 27. Bc3 Nf4 28. Nxf4 Rxf4 29. Qb2 Qxb5 30. d4 1/2-1/2

[Event "Cheliabinsk Lozovatsky Memorial-A"]
[Site "Cheliabinsk"]
[Date "2022.01.31"]
[Round "10"]
[White "Gevorgyan, David"]
[Black "Petrova, Irina"]
[Result "1/2-1/2"]
[WhiteElo "2310"]
[BlackElo "2104"]
[PlyCount "27"]
[EventDate "2022.01.22"]
[EventType "swiss"]
[EventRounds "10"]
[EventCountry "RUS"]
[SourceTitle "EXT 2023"]
[Source "ChessBase"]
[SourceDate "2022.10.05"]
[SourceVersion "1"]
[SourceVersionDate "2022.10.05"]
[SourceQuality "1"]

1. d4 d5 2. Nf3 Nf6 3. Bf4 c5 4. e3 Nc6 5. c3 Qb6 6. Qb3 c4 7. Qc2 Bf5 8. Qc1 e6 9. Nh4 Be4 10. Nd2 h6 11. Nhf3 Bh7 12. h3 Be7 13. Be2 0-0 14. 0-0 1/2-1/2

[Event "Cheliabinsk Lozovatsky Memorial-A"]
[Site "Cheliabinsk"]
[Date "2022.01.27"]
[Round "6"]
[White "Gevorgyan, David"]
[Black "Garifullina, Leya"]
[Result "0-1"]
[WhiteElo "2310"]
[BlackElo "2414"]
[PlyCount "102"]
[EventDate "2022.01.22"]
[EventType "swiss"]
[EventRounds "10"]
[EventCountry "RUS"]
[SourceTitle "CBM 206 Extra"]
[Source "ChessBase"]
[SourceDate "2022.03.31"]
[SourceVersion "1"]
[SourceVersionDate "2022.03.31"]
[SourceQuality "1"]

1. d4 Nf6 2. c4 e6 3. Nc3 Bb4 4. e3 0-0 5. Bd3 d5 6. Nge2 dxc4 7. Bxc4 c5 8. a3 Bxc3+ 9. bxc3 Qc7 10. Bd3 Nc6 11. 0-0 e5 12. Bb2 Rd8 13. h3 Be6 14. Qb1 h6 15. Rd1 Qb6 16. a4 Qc7 17. Bc2 b6 18. dxc5 bxc5 19. Ba3 Na5 20. Ng3 Nc4 21. Rxd8+ Rxd8 22. Qb5 Rd2 23. Be4 Nd6 24. Qc6 Qa5 25. Rb1 g6 26. Rb8+ Kg7 27. Bf3 Nd7 28. Rb2 Rxb2 29. Bxb2 Nc4 30. Ba1 Nf6 31. Ne4 Nxe4 32. Bxe4 Qd8 33. Bf3 Qd2 34. Qxc5 Qc1+ 35. Kh2 Qxa1 36. Bg4 Bxg4 37. Qxc4 Be6 38. Qa6 Qb2 39. Qxa7 Qxf2 40. Qc5 Kf6 41. a5 h5 42. a6 g5 43. Qb6 g4 44. Qd8+ Kf5 45. Qg8 Bd5 46. hxg4+ hxg4 47. e4+ Kf4 48. exd5 Qg3+ 49. Kg1 Qe1+ 50. Kh2 g3+ 51. Kh3 Qh1# 0-1

[Event "Cheliabinsk Lozovatsky Memorial-A"]
[Site "Cheliabinsk"]
[Date "2022.01.26"]
[Round "5"]
[White "Vorobiov, Evgeny E"]
[Black "Gevorgyan, David"]
[Result "1/2-1/2"]
[WhiteElo "2537"]
[BlackElo "2310"]
[PlyCount "36"]
[EventDate "2022.01.22"]
[EventType "swiss"]
[EventRounds "10"]
[EventCountry "RUS"]
[SourceTitle "CBM 206 Extra"]
[Source "ChessBase"]
[SourceDate "2022.03.31"]
[SourceVersion "1"]
[SourceVersionDate "2022.03.31"]
[SourceQuality "1"]

1. d4 Nf6 2. c4 e6 3. Nf3 d5 4. Nc3 Be7 5. Bf4 0-0 6. e3 b6 7. cxd5 Nxd5 8. Nxd5 Qxd5 9. Bd3 Qa5+ 10. Nd2 Ba6 11. Be4 Nd7 12. Bxa8 Rxa8 13. a3 c5 14. b4 cxb4 15. axb4 Qb5 16. f3 e5 17. dxe5 Bxb4 18. Kf2 Nc5 1/2-1/2

[Event "Novy Urengoy Flaming Memorial"]
[Site "Novy Urengoy"]
[Date "2021.10.20"]
[Round "1"]
[White "Babakekhyan, Artem"]
[Black "Gevorgyan, David"]
[Result "0-1"]
[WhiteElo "2201"]
[BlackElo "2307"]
[PlyCount "77"]
[EventDate "2021.10.20"]
[EventType "tourn"]
[EventRounds "9"]
[EventCountry "RUS"]
[EventCategory "2"]
[SourceTitle "CBM 204 Extra"]
[Source "ChessBase"]
[SourceDate "2021.11.30"]
[SourceVersion "1"]
[SourceVersionDate "2021.11.30"]
[SourceQuality "1"]

1. Nf3 d5 2. g3 c5 3. Bg2 Nc6 4. d4 Nf6 5. 0-0 e6 6. c4 Be7 7. cxd5 Nxd5 8. Nc3 Nxc3 9. bxc3 0-0 10. e3 Qc7 11. Qc2 b6 12. Rd1 Bb7 13. e4 cxd4 14. cxd4 Qd7 15. Qa4 Rfd8 16. Bb2 Ne5 17. Qb3 Nxf3+ 18. Bxf3 Bf6 19. h4 Rac8 20. Rd2 h6 21. Rad1 Bc6 22. Qe3 Ba4 23. Re1 Rc2 24. Rxc2 Bxc2 25. e5 Be7 26. d5 exd5 27. e6 Qxe6 28. Qxe6 fxe6 29. Rxe6 Bc5 30. Rc6 Be4 31. Bxe4 dxe4 32. Rc7 Rd1+ 33. Kg2 Rd2 34. Bxg7 Rxf2+ 35. Kh3 h5 36. g4 hxg4+ 37. Kg3 Bd6+ 38. Kxf2 Bxc7 39. Bd4 0-1

[Event "Novy Urengoy Flaming Memorial"]
[Site "Novy Urengoy"]
[Date "2021.10.20"]
[Round "2"]
[White "Gevorgyan, David"]
[Black "Mezentsev, Ivan"]
[Result "1/2-1/2"]
[WhiteElo "2307"]
[BlackElo "2354"]
[PlyCount "31"]
[EventDate "2021.10.20"]
[EventType "tourn"]
[EventRounds "9"]
[EventCountry "RUS"]
[EventCategory "2"]
[SourceTitle "CBM 204 Extra"]
[Source "ChessBase"]
[SourceDate "2021.11.30"]
[SourceVersion "1"]
[SourceVersionDate "2021.11.30"]
[SourceQuality "1"]

1. Nf3 Nf6 2. g3 d5 3. Bg2 c6 4. b3 Bf5 5. Bb2 e6 6. 0-0 Be7 7. d3 0-0 8. Nbd2 h6 9. Re1 a5 10. e4 Bh7 11. a3 Na6 12. Qe2 Re8 13. Rad1 b5 14. Ne5 Rc8 15. h4 dxe4 16. dxe4 1/2-1/2

[Event "Titled Tuesday intern op 31st Aug"]
[Site "Chess.com INT"]
[Date "2021.08.31"]
[Round "1"]
[White "Dwilewicz, Katarzyna"]
[Black "Gevorgyan, David"]
[Result "0-1"]
[WhiteElo "2130"]
[BlackElo "2307"]
[PlyCount "62"]
[EventDate "2021.08.31"]
[EventType "swiss (blitz)"]
[EventRounds "11"]
[EventCountry "USA"]
[SourceTitle "EXT 2022"]
[Source "ChessBase"]
[SourceDate "2021.10.06"]
[SourceVersion "1"]
[SourceVersionDate "2021.10.06"]
[SourceQuality "1"]

1. e4 g6 2. d4 Bg7 3. Nf3 d6 4. Nc3 a6 5. Be2 Nf6 6. 0-0 0-0 7. h3 Nbd7 8. Be3 e5 9. dxe5 dxe5 10. Bd3 b5 11. Qe2 c6 12. a4 Rb8 13. axb5 axb5 14. Rfd1 Qe7 15. Ra7 Rb7 16. Rda1 Nc5 17. Rxb7 Bxb7 18. Ra7 Rb8 19. Nd2 Nh5 20. g3 Nf6 21. Kh2 Nfd7 22. Nb3 Nxb3 23. cxb3 Nc5 24. Bc2 Ne6 25. Qd2 Nd4 26. Bd1 Rd8 27. Qe1 h5 28. Kg2 Rd7 29. h4 Kh7 30. f3 Qc5 31. Qf2 Qxa7 0-1

[Event "Titled Tuesday intern op 22nd June"]
[Site "Chess.com INT"]
[Date "2021.06.22"]
[Round "3"]
[White "Bordi, Kevin Claude"]
[Black "Gevorgyan, David"]
[Result "1/2-1/2"]
[WhiteElo "2288"]
[BlackElo "2307"]
[PlyCount "91"]
[EventDate "2021.06.22"]
[EventType "swiss (blitz)"]
[EventRounds "11"]
[EventCountry "USA"]
[SourceTitle "CBM 203 Extra"]
[Source "ChessBase"]
[SourceDate "2021.09.30"]
[SourceVersion "1"]
[SourceVersionDate "2021.09.30"]
[SourceQuality "1"]

1. d4 Nf6 2. Bg5 g6 3. Bxf6 exf6 4. c4 Bg7 5. Nc3 0-0 6. g3 c6 7. Bg2 h5 8. h4 d6 9. e3 Bg4 10. Nge2 Bxe2 11. Qxe2 f5 12. 0-0 Nd7 13. b4 c5 14. bxc5 dxc5 15. Rfd1 cxd4 16. exd4 Re8 17. Qf3 Rc8 18. c5 Qa5 19. Rab1 Nxc5 20. Rb5 Qa3 21. dxc5 Qxc3 22. Qxc3 Bxc3 23. Bxb7 Rc7 24. c6 Re1+ 25. Rxe1 Bxe1 26. Rd5 Kf8 27. Rd7 Rxd7 28. cxd7 Ke7 29. Bd5 Ba5 30. Kg2 Bb6 31. f4 f6 32. Kf3 Ba5 33. Bc4 Bb6 34. a4 Ba5 35. Bb5 Be1 36. Bc4 Ba5 37. Bb3 Bb6 38. Ke2 Ba5 39. Bg8 Bb6 40. Kf3 Ba5 41. Ke2 Bb6 42. Kd3 Kxd7 43. Bf7 Bf2 44. Bxg6 Bxg3 45. Bxh5 Bxh4 46. Ke3 1/2-1/2

[Event "Titled Tuesday intern op 22nd June"]
[Site "Chess.com INT"]
[Date "2021.06.22"]
[Round "2"]
[White "Gevorgyan, David"]
[Black "Nguyen, Ngoc Truong Son"]
[Result "1-0"]
[WhiteElo "2307"]
[BlackElo "2641"]
[PlyCount "85"]
[EventDate "2021.06.22"]
[EventType "swiss (blitz)"]
[EventRounds "11"]
[EventCountry "USA"]
[SourceTitle "CBM 203 Extra"]
[Source "ChessBase"]
[SourceDate "2021.09.30"]
[SourceVersion "1"]
[SourceVersionDate "2021.09.30"]
[SourceQuality "1"]

1. d4 Nf6 2. c4 e6 3. Nc3 Bb4 4. e3 c5 5. Bd2 0-0 6. a3 Bxc3 7. Bxc3 Ne4 8. Qc2 Nxc3 9. Qxc3 d6 10. Rd1 Qe7 11. Nf3 b6 12. Be2 Bb7 13. 0-0 Nd7 14. Rd2 Nf6 15. Bd3 Bxf3 16. gxf3 Rac8 17. Bb1 g6 18. dxc5 Rxc5 19. b4 Rh5 20. Rfd1 d5 21. c5 bxc5 22. Qxc5 Qxc5 23. bxc5 Rc8 24. Rc2 Nd7 25. c6 Ne5 26. c7 Nxf3+ 27. Kg2 Ne5 28. Ba2 Rh4 29. f4 Ng4 30. Kg3 Nxe3 31. Rb1 Nf5+ 32. Kg2 Rxf4 33. Rb8 Ne7 34. Rcb2 Kg7 35. Rxc8 Nxc8 36. Rb8 Nd6 37. Rd8 Rd4 38. Rxd6 Rd2+ 39. Kf3 Rc2 40. Rd7 h5 41. Bb1 Rc6 42. Bd3 g5 43. Ba6 1-0

[Event "Titled Tuesday intern op 22nd June"]
[Site "Chess.com INT"]
[Date "2021.06.22"]
[Round "4"]
[White "Samadov, Read"]
[Black "Gevorgyan, David"]
[Result "0-1"]
[WhiteElo "2332"]
[BlackElo "2307"]
[PlyCount "108"]
[EventDate "2021.06.22"]
[EventType "swiss (blitz)"]
[EventRounds "11"]
[EventCountry "USA"]
[SourceTitle "CBM 203 Extra"]
[Source "ChessBase"]
[SourceDate "2021.09.30"]
[SourceVersion "1"]
[SourceVersionDate "2021.09.30"]
[SourceQuality "1"]

1. Nf3 Nf6 2. d4 g6 3. Bf4 Bg7 4. h3 0-0 5. e3 d5 6. Be2 c5 7. 0-0 c4 8. b3 cxb3 9. axb3 Nc6 10. c4 Bf5 11. Nc3 a6 12. Ne5 Rc8 13. Rc1 dxc4 14. bxc4 Nxe5 15. Bxe5 Ne4 16. Bxg7 Kxg7 17. Bf3 Nxc3 18. Rxc3 b5 19. e4 Bd7 20. c5 b4 21. Rc1 Bb5 22. Re1 a5 23. d5 e5 24. Be2 Bxe2 25. Rxe2 Qd7 26. Ra2 Ra8 27. d6 Rfd8 28. Qd5 Qe6 29. Qxe6 fxe6 30. Rca1 b3 31. Rxa5 b2 32. Rxa8 Rxa8 33. Rxa8 b1Q+ 34. Kh2 Qxe4 35. Ra7+ Kf6 36. Rc7 Qf4+ 37. Kg1 Qc1+ 38. Kh2 Qf4+ 39. Kg1 e4 40. Rc8 Qc1+ 41. Kh2 Qf4+ 42. Kg1 Qc1+ 43. Kh2 Qd2 44. Kg3 g5 45. Kh2 Ke5 46. Kg1 Qe1+ 47. Kh2 Qd2 48. Kg1 h5 49. Rc7 g4 50. hxg4 hxg4 51. d7 e3 52. fxe3 g3 53. d8Q Qf2+ 54. Kh1 Qf1# 0-1

[Event "Titled Tuesday intern op 22nd June"]
[Site "Chess.com INT"]
[Date "2021.06.22"]
[Round "7"]
[White "Seo, Jung Min"]
[Black "Gevorgyan, David"]
[Result "0-1"]
[WhiteElo "2453"]
[BlackElo "2307"]
[PlyCount "106"]
[EventDate "2021.06.22"]
[EventType "swiss (blitz)"]
[EventRounds "11"]
[EventCountry "USA"]
[SourceTitle "CBM 203 Extra"]
[Source "ChessBase"]
[SourceDate "2021.09.30"]
[SourceVersion "1"]
[SourceVersionDate "2021.09.30"]
[SourceQuality "1"]

1. e4 e5 2. Nf3 Nc6 3. Bc4 Be7 4. 0-0 Nf6 5. d3 0-0 6. c3 d6 7. a4 a5 8. Nbd2 Kh8 9. Re1 Ng8 10. d4 Bg4 11. h3 Bh5 12. Qb3 Rb8 13. dxe5 dxe5 14. Bd5 Nf6 15. Qc4 Nd7 16. Bxc6 bxc6 17. Qxc6 Rb6 18. Qc4 Rg6 19. Kh1 Bc5 20. Re2 f5 21. exf5 Rxf5 22. b4 e4 23. Qxe4 Qf6 24. bxc5 h6 25. Qe8+ Kh7 26. Qe3 Nxc5 27. Ba3 Nb3 28. Be7 Qf7 29. Rg1 Nxd2 30. Nxd2 Bxe2 31. Qxe2 Rxf2 32. Qe3 Rxd2 33. Qxd2 Qxe7 34. Qd3 Qd6 35. Qe4 Qe6 36. Qc2 Kh8 37. Rf1 Qd6 38. Qe4 Rf6 39. Rg1 Re6 40. Qa8+ Kh7 41. Qxa5 Re2 42. Qb5 Qd2 43. c4 Re1 44. Qf5+ g6 45. Qf7+ Kh8 46. Qf6+ Kh7 47. Qf7+ Kh8 48. Qf6+ Kh7 49. Rxe1 Qxe1+ 50. Kh2 Qb4 51. Qf7+ Kh8 52. Qxg6 Qxc4 53. Qxh6+ Kg8 0-1

[Event "Titled Tuesday intern op 08th June"]
[Site "Chess.com INT"]
[Date "2021.06.08"]
[Round "4"]
[White "Gevorgyan, David"]
[Black "Gritsenko, Nikolai"]
[Result "0-1"]
[WhiteElo "2307"]
[BlackElo "2309"]
[PlyCount "118"]
[EventDate "2021.06.08"]
[EventType "swiss (blitz)"]
[EventRounds "11"]
[EventCountry "USA"]
[SourceTitle "CBM 202 Extra"]
[Source "ChessBase"]
[SourceDate "2021.07.31"]
[SourceVersion "1"]
[SourceVersionDate "2021.07.31"]
[SourceQuality "1"]

1. d4 d5 2. c4 Nc6 3. e3 e6 4. Nf3 Nf6 5. Nc3 Bb4 6. Bd2 0-0 7. a3 Be7 8. Qc2 dxc4 9. Bxc4 Bd6 10. e4 e5 11. dxe5 Nxe5 12. Nxe5 Bxe5 13. f4 Bd4 14. 0-0-0 c5 15. h3 Be6 16. Bxe6 fxe6 17. g4 Qe8 18. e5 Bxc3 19. Bxc3 Nd5 20. f5 Ne3 21. Qb3 Nxd1 22. Rxd1 b5 23. f6 a5 24. Rd6 c4 25. Qd1 b4 26. Bd4 c3 27. Qb3 cxb2+ 28. Kxb2 Rb8 29. Qxe6+ Qxe6 30. Rxe6 Rfd8 31. Bc5 Rd2+ 32. Kc1 Rd5 33. axb4 axb4 34. Bd6 Rc8+ 35. Kb2 gxf6 36. Rxf6 Rd4 37. g5 Re4 38. g6 hxg6 39. Rxg6+ Kf7 40. Rf6+ Kg7 41. Rf3 Rcc4 42. Rg3+ Kf7 43. Rf3+ Ke6 44. Rd3 Rf4 45. Kb3 Rce4 46. Rg3 Rf1 47. Rd3 Rb1+ 48. Kc2 Rh1 49. Kb3 Rh4 50. Ka4 Ra1+ 51. Kb3 Ra3+ 52. Kc2 Rxd3 53. Kxd3 Rxh3+ 54. Kc2 b3+ 55. Kb2 Kd5 56. Bc7 Re3 57. Bd6 Kc4 58. Ka3 Re2 59. e6 Ra2# 0-1

[Event "Titled Tuesday intern op 08th June"]
[Site "Chess.com INT"]
[Date "2021.06.08"]
[Round "3"]
[White "Gevorgyan, David"]
[Black "Murzin, Volodar"]
[Result "0-1"]
[WhiteElo "2307"]
[BlackElo "2502"]
[PlyCount "174"]
[EventDate "2021.06.08"]
[EventType "swiss (blitz)"]
[EventRounds "11"]
[EventCountry "USA"]
[SourceTitle "CBM 202 Extra"]
[Source "ChessBase"]
[SourceDate "2021.07.31"]
[SourceVersion "1"]
[SourceVersionDate "2021.07.31"]
[SourceQuality "1"]

1. d4 Nf6 2. c4 e6 3. Nc3 Bb4 4. e3 0-0 5. a3 Bxc3+ 6. bxc3 d5 7. cxd5 exd5 8. Bd3 c5 9. Ne2 Nc6 10. 0-0 Re8 11. f3 Ne7 12. Ng3 Ng6 13. Ra2 Bd7 14. Raf2 Qa5 15. Bb2 Rxe3 16. c4 Nf4 17. Bf5 Ba4 18. Qc1 Rae8 19. dxc5 Qd8 20. Bd4 Ne2+ 21. Nxe2 Rxe2 22. Qc3 Rxf2 23. Bxf2 dxc4 24. Qxc4 Bc6 25. Bh4 Qd5 26. Qxd5 Nxd5 27. Re1 Rxe1+ 28. Bxe1 Ne7 29. Bd3 f6 30. Bg3 Bd5 31. Kf2 Kf7 32. Bd6 Nc6 33. Ke3 g6 34. h4 h6 35. g4 g5 36. h5 Kg7 37. Bf5 Na5 38. Kd4 Bxf3 39. Bc8 Bc6 40. Bc7 Nb3+ 41. Kc4 Nd2+ 42. Kd3 Nf3 43. Bb8 Ne5+ 44. Ke3 Nc4+ 45. Kd4 Nxa3 46. Bxa7 Nb5+ 47. Kc4 Nxa7 48. Bf5 Kf7 49. Kb4 Ke7 50. Bd3 Nc8 51. Bc4 Kd8 52. Bf7 Ne7 53. Be6 Nd5+ 54. Kc4 Nf4 55. Bf5 Ke7 56. Kd4 Bd7 57. Be4 Ne6+ 58. Kc4 Nd8 59. Bf3 Bc6 60. Be2 Nf7 61. Kd4 Ne5 62. Bd1 Bd7 63. c6 bxc6 64. Kc5 Bxg4 65. Bc2 Bxh5 66. Kd4 Bf3 67. Bf5 h5 68. Ke3 h4 69. Kf2 Kd6 70. Ke3 c5 71. Kf2 c4 72. Ke3 Kc5 73. Bc2 c3 74. Kf2 Kb4 75. Ke3 Ka3 76. Bf5 Kb2 77. Kd4 c2 78. Bxc2 Kxc2 79. Ke3 h3 80. Kf2 h2 81. Kg3 h1Q 82. Kf2 Qg2+ 83. Ke3 Qe2+ 84. Kd4 Qe4+ 85. Kc5 Qd5+ 86. Kb6 Qc6+ 87. Ka7 Qb7# 0-1